000 00375nam a2200145Ia 4500
008 100122s9999 xx 000 0 und d
082 _b10521
_a50
245 _aहेमांगी
300 _a184
520 _aदिवाळी - 2002
620 _aदिवाळी - 2002
630 _aहेमांगी
730 _aहेमांगी
942 _cBOOK
999 _c384041
_d384038